<?xml version="1.0" encoding="UTF-8"?>
<collection xmlns:xsi="http://www.w3.org/2001/XMLSchema-instance" xsi:schemaLocation="http://www.loc.gov/MARC21/slim http://www.loc.gov/standards/marcxml/schema/MARC21slim.xsd" xmlns="http://www.loc.gov/MARC21/slim">
 <record>
  <leader>00000cam a22000003i 4500</leader>
  <controlfield tag="001">UP-1685594773862075066</controlfield>
  <controlfield tag="003">Buklod</controlfield>
  <controlfield tag="005">20170301092148.0</controlfield>
  <controlfield tag="006">g||| |     ||   ||</controlfield>
  <controlfield tag="007">ta</controlfield>
  <controlfield tag="008">170315s2016    enka    rb   |||1 u|eng d</controlfield>
  <datafield tag="020" ind1=" " ind2=" ">
   <subfield code="a">9781118773208</subfield>
  </datafield>
  <datafield tag="035" ind1=" " ind2=" ">
   <subfield code="a">(iLib)UPBAG-00023453607</subfield>
  </datafield>
  <datafield tag="037" ind1=" " ind2=" ">
   <subfield code="a">BC-67745</subfield>
   <subfield code="b">Linar Educational Materials, Inc.</subfield>
   <subfield code="c">Php2,876.85</subfield>
   <subfield code="n">Prof. Ma. Nancy Florendo</subfield>
  </datafield>
  <datafield tag="040" ind1=" " ind2=" ">
   <subfield code="a">DLC</subfield>
   <subfield code="d">BAG</subfield>
   <subfield code="e">rda</subfield>
  </datafield>
  <datafield tag="041" ind1="0" ind2=" ">
   <subfield code="a">eng</subfield>
  </datafield>
  <datafield tag="090" ind1=" " ind2="0">
   <subfield code="a">RC 467.8</subfield>
   <subfield code="b">B37 2016</subfield>
  </datafield>
  <datafield tag="100" ind1="1" ind2=" ">
   <subfield code="a">Barker, Chris, 1948-</subfield>
   <subfield code="e">author.</subfield>
  </datafield>
  <datafield tag="245" ind1="1" ind2="0">
   <subfield code="a">Research methods in clinical psychology</subfield>
   <subfield code="b">an introduction for students and practitioners</subfield>
   <subfield code="c">Chris Barker and Nancy Pistrang and Robert Elliott.</subfield>
  </datafield>
  <datafield tag="250" ind1=" " ind2=" ">
   <subfield code="a">Third edition.</subfield>
  </datafield>
  <datafield tag="264" ind1=" " ind2="1">
   <subfield code="a">Chichester, West Sussex, [England]</subfield>
   <subfield code="b">John Wiley &amp; Sons, Ltd.</subfield>
   <subfield code="c">2016.</subfield>
  </datafield>
  <datafield tag="300" ind1=" " ind2=" ">
   <subfield code="a">xii, 293 pages</subfield>
   <subfield code="b">illustrations</subfield>
   <subfield code="c">25 cm</subfield>
  </datafield>
  <datafield tag="504" ind1=" " ind2=" ">
   <subfield code="a">Includes bibliographical references (pages [249]-276) and indexes.</subfield>
  </datafield>
  <datafield tag="505" ind1="0" ind2=" ">
   <subfield code="a">Machine generated contents note: The Research Process -- Philosophical Issues -- What is Research? -- What is Science? -- Social and Political Issues -- Professional Issues -- The Intuitive Practitioner -- The Scientist-Practitioner -- The Applied Scientist -- The Local Clinical Scientist -- The Evidence-Based Practitioner -- The Clinical Scientist -- The Practice-Based Evidence Model -- Comparison of Models -- Implications for Clinical Training -- Personal Issues -- Why Do Clinical Psychologists Do Research? -- Why Don't Clinical Psychologists Do Research? -- Weighing up the Pros and Cons of Doing Research -- Chapter Summary -- Further Reading -- Questions for Reflection -- Formulating the Research Questions -- Choosing the Topic -- Developing the Questions -- Hypothesis-testing versus Exploratory Research Questions -- Some Types of Research Question -- Literature Review -- The Proposal -- Funding -- The Politics of Research in Applied Settings -- Access -- Responding to Doubts -- Authorship -- Chapter Summary -- Further Reading -- Questions for Reflection -- The Process of Measurement -- Domains of Variables -- Measuring Psychological Constructs -- Measurement Sources and Approaches -- Foundations of Quantitative Methods -- Positivism -- Psychometric Theory -- Definitions -- Reliability -- Reliability Statistics -- Validity -- Generalizability Theory -- Item Response Theory -- Utility -- Standards for Reliability and Validity -- Chapter Summary and Conclusions -- Further Reading -- Questions for Reflection -- Historical Background -- Philosophical Background -- Phenomenology -- Social Constructionism -- Families of Qualitative Approaches -- Thematic Analysis Approaches -- Narrative Approaches -- Language-Based Approaches -- Ethnographic Approaches -- Ways of Evaluating Qualitative Studies -- Conclusion: Choosing and Combining Methods -- Chapter Summary -- Further Reading -- Questions for Reflection -- Mode of Administration -- Open-ended and Closed-ended Questions -- Qualitative Self-report Methods -- Types of Qualitative Interview -- Interview Schedule -- Interviewing Style -- Quantitative Self-report Methods -- Questionnaire Design -- Chapter Summary -- Further Reading -- Questions for Reflection -- Qualitative Observation -- Participant Observation -- Text-based Research -- Quantitative Observation -- Background -- Procedures for Conducting Observations -- Reliability and Validity Issues -- Chapter Summary -- Further Reading -- Questions for Reflection -- Nonexperimental Designs -- Descriptive Designs -- Correlational Designs -- Experimental Designs -- Cook and Campbell's Validity Analysis -- Nonrandomized Designs -- Randomized Designs -- Conclusion: Choosing a Research Design -- Chapter Summary -- Further Reading -- Questions for Reflection -- Historical Background -- Single-case Experimental Designs -- Procedure -- AB Design -- Reversal (or ABAB) Design -- Multiple-baseline Design -- Changing-Criterion Design -- Data Analysis -- Generalization -- Naturalistic Case-study Designs -- Narrative Case Studies -- Systematic Case Studies -- Time-Series Designs -- Conclusion -- Chapter Summary -- Further Reading -- Questions for Reflection -- Sampling -- The Target Population -- Bias and Representativeness -- Sample Size -- Alternative Approaches to Sampling and Generalizability -- Summary and Conclusion -- Ethical Issues -- Informed Consent -- Harms and Benefits -- Privacy and Confidentiality -- Ethics Self-study Exercise -- Ethics Committees -- Chapter Summary -- Further Reading -- Questions for Reflection -- What is Evaluation? -- The Sociopolitical Context -- Preparation for Evaluating a Service -- Aims and Objectives -- The Impact Model -- The Target Population -- Estimating the Extent of the Target Problem in the Target Population -- Needs Assessment -- Delivery System Design -- Monitoring the Process of Service Delivery -- Coverage and Bias -- Service Implementation -- Outcome Evaluation -- Client Satisfaction Surveys -- Patient focused Research and Outcomes Management -- Cost-effectiveness -- Chapter Summary -- Further Reading -- Questions for Reflection -- Qualitative Data Analysis -- Within-case and Cross-case Analysis -- Preliminaries to Qualitative Data Analysis -- Processes in Qualitative Data Analysis -- Good Practice in Qualitative Analysis -- Quantitative Data Analysis -- Data Entry -- Data Checking -- Data Reduction -- Data Exploration -- Statistical Significance Testing for Answering the Research Questions -- Analyzing the Strength and Significance of Quantitative Effects -- Interpretation -- Contributions to Knowledge: Understanding the Meaning of the Findings -- Methodological Issues: Strengths and Limitations of the Study -- Scientific and Practical Implications -- Dissemination -- Writing up -- Publication -- Authorship Issues -- Utilization -- The End -- Chapter Summary -- Further Reading -- Questions For Reflection -- Methodological Pluralism -- Appraising Research -- Combining Research with Practice -- Some Images of Research -- Questions for Reflection.</subfield>
  </datafield>
  <datafield tag="520" ind1=" " ind2=" ">
   <subfield code="a">&quot;Offers a comprehensive introduction to the various methods, approaches, and strategies for conducting research in the clinical psychology field&quot;--Provided by publisher.</subfield>
  </datafield>
  <datafield tag="650" ind1=" " ind2="0">
   <subfield code="a">Clinical psychology</subfield>
   <subfield code="x">Research</subfield>
   <subfield code="x">Methodology.</subfield>
  </datafield>
  <datafield tag="650" ind1=" " ind2="0">
   <subfield code="a">Counseling</subfield>
   <subfield code="x">Research</subfield>
   <subfield code="x">Methodology.</subfield>
  </datafield>
  <datafield tag="650" ind1=" " ind2="0">
   <subfield code="a">Psychotherapy</subfield>
   <subfield code="x">Research</subfield>
   <subfield code="x">Methodology.</subfield>
  </datafield>
  <datafield tag="700" ind1="1" ind2=" ">
   <subfield code="a">Pistrang, Nancy</subfield>
   <subfield code="e">author.</subfield>
  </datafield>
  <datafield tag="700" ind1="1" ind2=" ">
   <subfield code="a">Elliott, Robert</subfield>
   <subfield code="d">1950-</subfield>
   <subfield code="e">author.</subfield>
  </datafield>
  <datafield tag="905" ind1=" " ind2=" ">
   <subfield code="a">FO</subfield>
  </datafield>
  <datafield tag="852" ind1="0" ind2=" ">
   <subfield code="a">UPBAG</subfield>
   <subfield code="b">UPBAG-MAIN</subfield>
   <subfield code="h">RC 467.8 B37 2016</subfield>
  </datafield>
  <datafield tag="942" ind1=" " ind2=" ">
   <subfield code="a">Book</subfield>
  </datafield>
 </record>
</collection>
